00611cam a2200205 a 45000010005000000030009000050050017000140080041000310400028000720820019001001000017001192450100001362500013002362600057002493000022003065000020003285050011003486500031003597000015003908283BD-DhUAP20210121164221.0200209s2002 ii 001 0 eng  aBD-DhUAPcBD-DhUAPbEng 223a345.54 MIT1 aMitra, B. B.10aB.B. Mitra on Code of Criminal Procedure, 1973 :b(Act 2 of 1974) /cB. B. Mitra and S. R. Roy. a19th ed. aKolkata :bKamal Law House,cc1998 [Reprinted 2002]. avolumes ;c24 cm. aIncludes index.0 aV. 1-- 0aCriminal procedurezIndia.1 aRoy, S. R.